000 00718nam a2200193Ii 4500
003 JO-AjNU
008 230605s9999||||xx |||||||||||||| ||und||
040 _aJO-AjNU
_bara
_erda
_cJO-AjNU
041 _aara
050 1 4 _aHM63.A7 .M8 1982
100 3 _aغيث، محمد عاطف,
_eauthor
_952889
245 0 0 _aالموقف النظري في علم الاجتماع المعاصر
264 3 1 _aالاسكندرية: دار المعرفة الجامعية، 1982
300 _a290ص
_bيحتوي على ببلوغرافية من 265-290ص
336 _atext
_btxt
_2rdacontent
337 _aunmediated
_bn
_2rdamedia
338 _avolume
_bnc
_2rdacarrier
650 4 _aعلم الاجتماع - فلسفة 
_952890
999 _aA23455
_c27023
_d27023